| 000 | 00670nam a2200217Ia 4500 | ||
|---|---|---|---|
| 003 | PILC | ||
| 005 | 20160202123428.0 | ||
| 008 | 140429s9999 xx 000 0 und d | ||
| 020 | _a9780743264952 | ||
| 050 |
_aBF 335 _b.M39 2008 |
||
| 100 | _aMcGraw, Phil. | ||
| 245 |
_aReal life : _bpreparing for the 7 most challenging days of your life / _cPhil McGraw. |
||
| 260 |
_aNew York : _bFree Press, _c2008. |
||
| 300 |
_a320 pages ; _c25 cm. |
||
| 500 | _aIncludes bibliographical references. | ||
| 650 | _aAdaptability (Psychology). | ||
| 650 | _aAdjustment (Psychology). | ||
| 650 |
_aSuccess _xPsychological aspects. |
||
| 942 |
_kFOR _cBK _2lcc |
||
| 999 |
_c115568 _d115568 |
||